<?xml version="1.0" encoding="UTF-8"?>
<collection xmlns="http://www.loc.gov/MARC21/slim">
 <record>
  <leader>01003nam a22001697a 4500</leader>
  <controlfield tag="001">NCT_4_022357</controlfield>
  <controlfield tag="008">250607b        xxu||||| |||| 00| 0 vie d</controlfield>
  <datafield tag="999" ind1=" " ind2=" ">
   <subfield code="c">9091</subfield>
   <subfield code="d">9091</subfield>
  </datafield>
  <datafield tag="082" ind1="0" ind2="4">
   <subfield code="2">23rd ed.</subfield>
   <subfield code="a">307.1</subfield>
   <subfield code="b">B108C</subfield>
  </datafield>
  <datafield tag="245" ind1="0" ind2="0">
   <subfield code="a">Báo cáo quy hoạch tỉnh Long An thời kỳ 2021 - 2023, tầm nhìn đến năm 2050 : </subfield>
   <subfield code="b">Phụ lục</subfield>
  </datafield>
  <datafield tag="260" ind1=" " ind2=" ">
   <subfield code="c">2022</subfield>
  </datafield>
  <datafield tag="300" ind1=" " ind2=" ">
   <subfield code="a">223 tr.</subfield>
   <subfield code="b">Ảnh màu</subfield>
   <subfield code="c">30 cm</subfield>
  </datafield>
  <datafield tag="520" ind1="3" ind2=" ">
   <subfield code="a">Cuốn sách trình bày về kinh nghiệm quốc tế về việc lập quy hoạch cấp địa phương, khu bảo tồn, hệ sinh thái của tỉnh Long An, thực trạng phát triển một số ngành, lĩnh vực; dự báo xu thế và triển vọng phát triển,...</subfield>
  </datafield>
  <datafield tag="653" ind1=" " ind2=" ">
   <subfield code="a">Kinh tế chính trị</subfield>
  </datafield>
  <datafield tag="942" ind1=" " ind2=" ">
   <subfield code="2">ddc</subfield>
   <subfield code="c">BK</subfield>
  </datafield>
  <datafield tag="952" ind1=" " ind2=" ">
   <subfield code="0">0</subfield>
   <subfield code="1">0</subfield>
   <subfield code="2">ddc</subfield>
   <subfield code="4">0</subfield>
   <subfield code="6">307_100000000000000_B108C</subfield>
   <subfield code="7">0</subfield>
   <subfield code="9">30919</subfield>
   <subfield code="a">000001</subfield>
   <subfield code="b">000001</subfield>
   <subfield code="d">2025-06-07</subfield>
   <subfield code="o">307.1 B108C</subfield>
   <subfield code="p">MD.23965</subfield>
   <subfield code="r">2025-06-07</subfield>
   <subfield code="w">2025-06-07</subfield>
   <subfield code="y">BK</subfield>
  </datafield>
  <datafield tag="980" ind1=" " ind2=" ">
   <subfield code="a">Thư viện Trường Đại học Nam Cần Thơ</subfield>
  </datafield>
 </record>
</collection>
